El lenguaje de la fe en la escritura y en el mundo actual

Guardat en:
Dades bibliogràfiques
Autors principals: Cazelles, Henri (autor), Delorme, Jean (Autor), Derousseaux, Louis (Autor), Le Du, Jean (Autor), Macé Roger (Autor)
Format: Llibre
Idioma:espanyol
Publicat: Salamanca Sígueme 1973
Col·lecció:Lux Mundi, 43
Matèries:
Etiquetes: Afegir etiqueta
Sense etiquetes, Sigues el primer a etiquetar aquest registre!

MARC

LEADER 00000nam a2200000 a 4500
001 UCX0172
003 CL-VaPUC
008 890823e19730000SP |||||||||||||||||spa|d
020 |a 8430105689 
082 0 4 |a 234.2  |b CAZ  |2 21 
100 |a Cazelles, Henri  |e autor  |9 478593 
700 0 |a Delorme, Jean  |e author  |9 315564 
700 0 |a Derousseaux, Louis  |e author  |9 315565 
700 |a Le Du, Jean  |e author  |9 399954 
700 0 |a Macé Roger  |e author  |9 315567 
245 1 3 |a El lenguaje de la fe en la escritura y en el mundo actual 
300 |a 225 p 
942 |c BK 
945 |d 19890823 00:00:00 
260 |a Salamanca  |b Sígueme  |c 1973 
650 0 |a Fe  |9 308036 
650 0 |a Fe en Dios   |9 314302 
583 |a last modification  |c 19890823 00:00:00  |k Rodrigo Vera 
490 0 |a Lux Mundi, 43 
999 |c 221869  |d 221867 
952 |0 0  |1 0  |4 0  |6 234_200000000000000_CAZ_1973  |7 0  |8 A  |9 215867  |a BIBTEO  |b BIBTEO  |d 2019-11-15  |i 2844125  |o 234.2 CAZ 1973  |p 2844125  |r 2025-01-17  |w 2019-11-15  |y BK  |k ICR 
952 |0 0  |1 0  |4 0  |6 234_200000000000000_CAZ_1973  |7 0  |8 A  |9 215868  |a BIBTEO  |b BIBTEO  |d 2019-11-15  |i 424589K  |l 1  |o 234.2 CAZ 1973  |p 424589K  |r 2025-01-17  |s 2024-09-10  |w 2019-11-15  |y BK  |k ICR